| 000 | 02136nam a2200361 a 4500 | ||
|---|---|---|---|
| 001 | 58360 | ||
| 003 | BD-RjUL | ||
| 005 | 20211209080619.0 | ||
| 008 | 161218s1999 ii b 001 0 eng | ||
| 020 | _a0761993452 (US hb) | ||
| 020 | _a8170368103 (India hb) | ||
| 020 | _a0761993460 (p) | ||
| 035 | _a(BD-RjUL)58484 | ||
| 035 | _a(OCoLC)40891128 | ||
| 035 | _a(OCoLC)42658958 | ||
| 040 |
_aDLC _cDLC _dUKM _dC#P _dMYG _dOrLoB-B _beng |
||
| 041 | _aeng | ||
| 082 | 0 | 0 |
_a332.710954 _223 _bKAR 1999 |
| 100 | 1 |
_aKarmakar, K. G., _d1952- _9173332 |
|
| 245 | 1 | 0 |
_aRural credit and self-help groups : _bmicro-finance needs and concepts in India / _cK.G. Karmakar. |
| 260 |
_aNew Delhi ; _aThousand Oaks : _bSage Publications, _c1999. |
||
| 300 |
_a374 p. ; _c23 cm. |
||
| 504 | _aIncludes bibliographical references and index. | ||
| 505 | 0 | 0 |
_tForeword / _tRural Credit: Problems and Prospects. _tIntroduction. _tThe Role of Credit in Rural Development. _tEvolution and Growth of the Rural Credit Delivery System. _tCredit Recycling and the Problem of Overdues. _tAgricultural Credit Review Committee (ACRC), 1989. _tNarasimham Committee, 1991, and Gupta Committee, 1998. _tRural Credit Agencies Analysed. _tRural Credit at the Cross-roads -- _tAnalysis of Micro-finance Needs. _tCredit Requirements of Tribal People. _tCredit for the Rural Non-farm Sector. _tCredit for Rural Women. _tCredit for Micro-enterprise Development -- _tRole of Self-help Groups. _tSelf-help Concepts. _tSelf-help Groups in India - An Assessment. _tThe BAAC System in Thailand. _tThe Grameen Bank in Bangladesh. _tSelf-help Groups and Bank Linkages. _tBasic Policy Issues on Self-help Groups -- _tStrategies for Sustainable Rural Credit Delivery. _tRevival of the Rural Credit Delivery System in India. _tDesigning Appropriate Systems for Micro-enterprises. |
| 650 | 0 |
_aAgricultural credit _zIndia. _9173333 |
|
| 650 | 0 |
_aRural credit _zIndia. _9173334 |
|
| 650 | 0 |
_aRural development _zIndia. _9170402 |
|
| 650 | 0 |
_aSelf-help groups _zIndia. _9173335 |
|
| 650 | 0 |
_aMicrofinance _zIndia. _9173336 |
|
| 942 |
_2ddc _cBK |
||
| 949 |
_ad _p39080014603242 |
||
| 999 |
_c58360 _d58360 |
||